000 00385pam a2200157a 44500
008 230515b2011 xxu||||| |||| 00| 0 eng d
020 _aNULL
041 _aENGLISH
082 _a624
100 _aBHAVIKATTI S.S.
245 _aELEMENTS OF CIVIL ENGINEERING
250 _a2009
260 _aDELHI
_bNEW AGE INTERNATIONAL LTD PUBLISHERS
_c2011
300 _aXII-223
650 _aNULL
999 _c655990
_d655990